Contemporary urban Japan : a sociology of consumption /

Bibliographic Details
Main Author: Clammer, J. R.
Format: Book
Language:English
Published: Oxford, UK ; Malden, Mass. : Blackwell Publishers, 1997.
Series:Studies in urban and social change.
Subjects:

MARC

Tag First Indicator Second Indicator Subfields
LEADER 00000cam a2200000 a 4500
001 in00001410183
005 20151020060915.0
008 970313s1997 enk b 001 0 eng
010 |a  97012661  
020 |a 063120301X 
020 |a 0631203028 
035 |a (OCoLC)36590077 
035 |9 AHN8151AM 
040 |a DLC  |c DLC  |d C#P  |d TXA  |d UtOrBLW 
043 |a a-ja--- 
049 |a TXAM 
050 0 0 |a HT147.J3  |b C63 1997 
082 0 0 |a 307.76/0952  |2 21 
100 1 |a Clammer, J. R. 
245 1 0 |a Contemporary urban Japan :  |b a sociology of consumption /  |c John Clammer. 
264 1 |a Oxford, UK ;  |a Malden, Mass. :  |b Blackwell Publishers,  |c 1997. 
300 |a x, 181 pages ;  |c 24 cm. 
336 |a text  |b txt  |2 rdacontent 
337 |a unmediated  |b n  |2 rdamedia 
338 |a volume  |b nc  |2 rdacarrier 
490 1 |a Studies in urban and social change 
504 |a Includes bibliographical references (pages [169]-176) and index. 
650 0 |a Sociology, Urban  |z Japan. 
650 0 |a City and town life  |z Japan. 
650 0 |a Consumption (Economics)  |x Social aspects  |z Japan. 
650 0 |a Consumer behavior  |z Japan. 
830 0 |a Studies in urban and social change. 
948 |a c:ktn 
999 |a MARS 
999 f f |s 449fba80-0307-3d7a-bf30-1058afe2b920  |i 2a62cab5-54a0-350b-9374-bff47f179e65  |t 0 
952 f f |p ric  |a Texas A&M University  |b Rellis Campus  |c Joint Library Facility  |d Remote Storage  |t 0  |e HT147.J3 C63 1997  |h Library of Congress classification  |i unmediated -- volume  |m A14822142265 
998 f f |a HT147.J3 C63 1997  |t 0  |l Remote Storage